| 000 | 00725nam a22002057a 4500 | ||
|---|---|---|---|
| 999 |
_c11898 _d11898 |
||
| 003 | AR-CdUCM | ||
| 008 | 190405b ||||| |||| 00| 0 spa d | ||
| 040 |
_aMUNICIPALIDAD PROVINCIAL DEL CUSCO _cBIBLIOTECA MUNICIPAL DEL CUSCO |
||
| 082 |
_aC / 869.56 / _bP44 |
||
| 100 |
_aPérez Ocampo, Gustavo _946936 |
||
| 245 |
_aNotas para un cuaderno secreto : _bEntre el milagro y la razón / |
||
| 260 |
_aCusco : _bdirección Universitaria de Proyección Social. |
||
| 300 |
_a56 páginas ; _c21 cm. |
||
| 650 |
_aLiteratura Peruana _9132 |
||
| 650 |
_aSiglo XX _98 |
||
| 650 |
_aCusco _9772 |
||
| 710 |
_aUniversidad Nacional de San Antonio Abad del Cusco (auspicio) _929499 |
||
| 942 |
_2ddc _cLIBROS |
||
| 945 |
_aachl _d2019-04-05 |
||